Normal view
MARC view
Entry Personal Name
001 - CONTROL NUMBER
- control field: 85741
003 - CONTROL NUMBER IDENTIFIER
- control field: dpl
005 - DATE AND TIME OF LATEST TRANSACTION
- control field: 20251124142708.0
008 - FIXED-LENGTH DATA ELEMENTS
- fixed length control field: 251124|| aca||aabn | a|a d
040 ## - CATALOGING SOURCE
- Original cataloging agency: dpl
- Transcribing agency: dpl
100 ## - HEADING--PERSONAL NAME
- Personal name: Rahman, Hifzur
670 ## - SOURCE DATA FOUND
- Source citation: Work cat.: (dpl)213816: Rahman, Hifzur, Biblography of Sufis Literature and Sources:, 2022
